Intermediación financiera /
Sin resumen
সংরক্ষণ করুন:
| প্রধান লেখক: | |
|---|---|
| বিন্যাস: | পাঠ্য |
| বিষয়গুলি: | |
| ট্যাগগুলো: |
ট্যাগ যুক্ত করুন
কোনো ট্যাগ নেই, প্রথমজন হিসাবে ট্যাগ করুন!
|
MARC
| LEADER | 00000 a a2200000 04500 | ||
|---|---|---|---|
| 001 | 19 | ||
| 003 | |||
| 040 | |||
| 100 | |a Mora Oconitrillo, Luis Carlos | ||
| 245 | |a Intermediación financiera / |c Luis Carlos Mora Oconitrillo | ||
| 520 | |a Sin resumen | ||
| 650 | |a BANCOS CENTRALES | ||
| 650 | |a INFLACION | ||
| 650 | |a BANCA INTERNACIONAL | ||
| 773 | |g número 13 -14; páginas 85-91 | ||
| 999 | |c 22377 |d 22377 | ||
| 773 | 0 | |0 18806 |9 2087 |a Universidad Nacional de Costa Rica |d Heredia: C.R.: EUNA |o 02253 |t ABRA |x 14093928 | |
